| 000 | 01209cam a2200277 4500 | ||
|---|---|---|---|
| 008 | 040217n2004 000 0 eng u | ||
| 020 | _a1842191799 | ||
| 035 | _a(Sirsi) u125171 | ||
| 041 | _aeng | ||
| 050 |
_a692.5 _c18 |
||
| 100 | _aFortune, Chris | ||
| 245 | _aProfessional judgement and the mapping of the building project price forecasting process | ||
| 260 |
_aLondon _bRICS Foundation _c2004 |
||
| 490 |
_aRICS Foundation Research Papers _v4(24) |
||
| 520 | _aThis study contributes to what is known about the building project budget price forecasting process and develops a greater understanding of the effect that judgement has on that process. The study provided evidence that building price forecasters were prone to making systematic errors of judgement when considering subject related word problems. References. | ||
| 650 | _aPRICING | ||
| 650 | _aBUILT ENVIRONMENT-BUILDING COSTS | ||
| 650 | _aQUANTITY SURVEYING FIRMS | ||
| 650 | _aCONSTRUCTION PROJECTS | ||
| 650 | _aFORECASTING | ||
| 650 | _aCOST MODELLING | ||
| 690 | _aBUILT ENVIRONMENT-BUILDING COSTS | ||
| 700 | _aLees, Melvyn | ||
| 710 |
_aRoyal Institution of Chartered Surveyors _bFoundation _94173 |
||
| 942 | _n0 | ||
| 999 |
_c103361 _d103361 |
||